Normal view
MARC view
Entry Topical Term
001 - CONTROL NUMBER
- control field: 708043
003 - CONTROL NUMBER IDENTIFIER
- control field:
005 - DATE AND TIME OF LATEST TRANSACTION
- control field: 20210627043023.0
008 - FIXED-LENGTH DATA ELEMENTS
- fixed length control field: 210627|| aca||aabn | a|a d
040 ## - CATALOGING SOURCE
- Original cataloging agency:
- Transcribing agency:
150 ## - HEADING--TOPICAL TERM
- Topical term or geographic name entry element: Petroleum in submerged lands
- Geographic subdivision: United States
670 ## - SOURCE DATA FOUND
- Source citation: Work cat.: ()586035: United States. Congress. House. Committee on Merchant Marine and Fisheries. Subcommittee on Fisheries and Wildlife Conservation and the Environment 708041, Coordination Act--Lacey Act :, 1980
